|
|
|
|
| LEADER |
00832nab a2200193 i 4500 |
| 001 |
acta64599 |
| 005 |
20260224081030.0 |
| 008 |
200414s2018 hu o 000 fre d |
| 022 |
|
|
|a 0567-8099
|
| 040 |
|
|
|a SZTE Egyetemi Kiadványok Repozitórium
|b hun
|
| 041 |
|
|
|a fre
|
| 100 |
1 |
|
|a Orbázi Melinda
|
| 245 |
1 |
3 |
|a Le voyage d’un faux picaro
|h [elektronikus dokumentum] :
|b vitesse, attention et perception chez Lesage /
|c Orbázi Melinda
|
| 260 |
|
|
|c 2018
|
| 300 |
|
|
|a 147-153
|
| 490 |
0 |
|
|a Acta Universitatis Szegediensis de Attila József Nominatae : acta romanica
|v 30
|
| 695 |
|
|
|a Francia irodalom története, Útleírás - 18. sz.
|
| 710 |
|
|
|a École doctorale francophone des pays de Visegrád, colloque international (21.) (2017) (Szeged)
|
| 856 |
4 |
0 |
|u http://acta.bibl.u-szeged.hu/64599/1/romanica_030_147-153.pdf
|z Dokumentum-elérés
|